Vista normal
Vista MARC
Entrada Personal Name
Número de registros utilizados en: 1
001 - CONTROL NUMBER
- control field: 182
003 - CONTROL NUMBER IDENTIFIER
- control field: OSt
005 - DATE AND TIME OF LATEST TRANSACTION
- control field: 20110725123528.0
008 - FIXED-LENGTH DATA ELEMENTS
- fixed length control field: 110725|||a|||||| | ||| d
040 ## - CATALOGING SOURCE
- Original cataloging agency: OSt
- Transcribing agency: OSt
100 ## - HEADING--PERSONAL NAME
- Personal name: Salfelder, K.
- Fuller form of name: (Karlhanns)
670 ## - SOURCE DATA FOUND
- Source citation: Work cat.: (OSt)308: Salfelder, K. (Karlhanns), Atlas en color : , 1979.